Személyre szabott, exkluzív utazásszervezés Franciaországban
| Szerző: | |
|---|---|
| További közreműködők: | |
| Dokumentumtípus: | Projektmunka |
| Kulcsszavak: | adatfeldolgozás nemzetközi turizmus személyre szabott szolgáltatás(ok) turizmus utazásszervezés |
| Online Access: | http://dolgozattar.uni-bge.hu/60117 |
MARC
| LEADER | 00000nnm a2200000 i 4500 | ||
|---|---|---|---|
| 001 | dolg60117 | ||
| 005 | 20260409150018.0 | ||
| 008 | 260409suuuu hu o 000 hun d | ||
| 040 | |a BGE Dolgozattár Repozitórium |b hun | ||
| 041 | |a hu | ||
| 100 | 1 | |a Mezei-Horváth Lilla | |
| 245 | 1 | 0 | |a Személyre szabott, exkluzív utazásszervezés Franciaországban |c Mezei-Horváth Lilla |h [elektronikus dokumentum] |
| 516 | |a Project_work | ||
| 520 | 3 | |a ÖsszefoglalóA dolgozatomban a személyre szabott prémium utazásszervezést vizsgáltam Franciaországon belül. Bemutattam az utazásszervezés fejlődését, az utazási irodák piacra lépését, valamint az incentive turizmust. A projekt során saját franciaországi körutazást terveztem meg, amelyet összevetettem egy utazási iroda ajánlatával. Primer kutatásom interjúkra épült, így gyakorlati tapasztalatokkal támasztottam alá a témám. Projektmunkám hozzájárulhat a prémium utazások fejlesztésének fontosságához. | |
| 695 | |a adatfeldolgozás | ||
| 695 | |a nemzetközi turizmus | ||
| 695 | |a személyre szabott szolgáltatás(ok) | ||
| 695 | |a turizmus | ||
| 695 | |a utazásszervezés | ||
| 700 | 1 | |a Nagy Dr. Éva Ilona |e ths | |
| 856 | 4 | 0 | |u http://dolgozattar.uni-bge.hu/60117/1/Projektmunka-%20Mezei-Horv%C3%A1th%20Lilla-%202025.pdf |z Dokumentum-elérés |
| 856 | 4 | 0 | |u http://dolgozattar.uni-bge.hu/60117/2/Mezei-Horv%C3%A1th%20Lilla_FOSZK%20b%C3%ADr%C3%A1lat_Nagy%20%C3%89va.pdf |z Dokumentum-elérés |